000
00302nam a2200109Ia 4500
008
201224s9999 xx 000 0 und d
100
_a
Menon, Dilip M.
245
0
_a
Caste, nationalism & communalism : malabar 1900 - 1948
260
_a
New Delhi
_b
Cambridge University Press
300
_a
207
942
_c
BK
999
_c
8766
_d
8766